Los efectos del TLCAN sobre Dulces Fradi, S.A. de C.V. / los casos de Bolivia y Chile /
Gespeichert in:
| 1. Verfasser: | |
|---|---|
| Weitere Verfasser: | |
| Format: | Buch |
| Sprache: | Spanisch |
| Schlagworte: | |
| Tags: |
Keine Tags, Fügen Sie das erste Tag hinzu!
|
MARC
| LEADER | 00000nam^a2200000^a^4500 | ||
|---|---|---|---|
| 001 | 000192130 | ||
| 005 | 20250521000000.0 | ||
| 009 | 20260310102554.357 | ||
| 037 | |a Acervo ITESO - Biblioteca | ||
| 041 | |a ESP | ||
| 090 | |a CIN. 334 | ||
| 100 | |a Cárdenas Romero, Zeus |e (autor) | ||
| 245 | 1 | 4 | |a Los efectos del TLCAN sobre Dulces Fradi, S.A. de C.V. / |b los casos de Bolivia y Chile / |c Z. Cárdenas Romero, Z.A. Estudillo Godínez. |
| 264 | |a Guadalajara, México : |b edición de autor, |c 2006 | ||
| 300 | |a 1 disco compacto de computadora | ||
| 336 | |a datos para computadora |b cod |2 rdacontenido | ||
| 337 | |a computadora |b c |2 rdamedio | ||
| 338 | |a disco de computadora |b cd |2 rdasoporte | ||
| 593 | |a Tesis de Lic. en Comercio Internacional | ||
| 649 | |a XX | ||
| 650 | |a Dulces y Chocolates - |z Jalisco - |x Industria y Comercio - |x Tema Principal | ||
| 650 | |a Dulces y Chocolates - |z México - |x Industria y Comercio | ||
| 650 | |a Industria Alimenticia - |z Jalisco | ||
| 650 | |a Industria Alimenticia - |z México | ||
| 650 | |a Industria Manufacturera - |z Jalisco - |x Historia | ||
| 650 | |a Industria Manufacturera - |z México - |x Historia | ||
| 650 | |a Tratado de Libre Comercio - |z México-EUA | ||
| 650 | |a Tratados Comerciales Internacionales - |z México-EUA | ||
| 650 | |a Comercio Internacional - |z México-EUA | ||
| 650 | |a Economía - |z Jalisco - |x Historia - |y 1994-2000 - |x Tema Principal | ||
| 650 | |a Economía - |z Jalisco - |x Historia - |y 2000-2006 - |x Tema Principal | ||
| 650 | |a Economía - |z México - |x Historia - |y 1994-2000 | ||
| 650 | |a Economía - |z México - |x Historia - |y 2000-2006 | ||
| 700 | |a Estudillo Godínez, Zyanya Ameyalli |e (autor) | ||
| 910 | |a Fondo General | ||
| 920 | |a Electrónicos - Tesis del ITESO en Disco | ||
| 905 | |a 202 | ||
| 901 | |a 0500136300 |b IT2 |c STS |u 20250521 | ||
| 902 | |a https://opac.biblio.iteso.mx/vufind/Record/000192130 | ||